Sefer Darkhe David; (Record no. 32720)
[ view plain ]
| 000 -LEADER | |
|---|---|
| fixed length control field | 00738cam a22002411 4500 |
| 001 - CONTROL NUMBER | |
| control field | he 67002066 |
| 003 - CONTROL NUMBER IDENTIFIER | |
| control field | DLC |
| 005 - DATE AND TIME OF LATEST TRANSACTION | |
| control field | 20260227111451.0 |
| 008 - FIXED-LENGTH DATA ELEMENTS--GENERAL INFORMATION | |
| fixed length control field | 880511s1966 is 000 0 heb |
| 010 ## - LIBRARY OF CONGRESS CONTROL NUMBER | |
| LC control number | he 67002066 |
| 035 ## - SYSTEM CONTROL NUMBER | |
| System control number | (OCoLC)17940350 |
| 040 ## - CATALOGING SOURCE | |
| Original cataloging agency | DLC |
| Transcribing agency | TxU |
| Modifying agency | TxU |
| -- | DLC |
| 042 ## - AUTHENTICATION CODE | |
| Authentication code | premarc |
| 050 00 - LIBRARY OF CONGRESS CALL NUMBER | |
| Classification number | BM506.B17 |
| Item number | L4 |
| 100 1# - MAIN ENTRY--PERSONAL NAME | |
| Personal name | Levin, Mordekhai David. |
| 245 10 - TITLE STATEMENT | |
| Title | Sefer Darkhe David; |
| Remainder of title | beʼurim |
| Statement of responsibility, etc. | me-et Mordekhai David Levin. |
| 260 ## - PUBLICATION, DISTRIBUTION, ETC. | |
| Place of publication, distribution, etc. | Yerushalayim, |
| Date of publication, distribution, etc. | 727 [1966 or 7] |
| 300 ## - PHYSICAL DESCRIPTION | |
| Extent | 2 v. in 1 |
| Dimensions | 32 cm. |
| 505 0# - FORMATTED CONTENTS NOTE | |
| Formatted contents note | [1] ʻAl Masekhet Bava kama.--[2] ʻAl Masekhet Bava metsiʻa. |
| 630 00 - SUBJECT ADDED ENTRY--UNIFORM TITLE | |
| Uniform title | Talmud. |
| Name of part/section of a work | Bava kamma |
| General subdivision | Commentaries. |
| 630 00 - SUBJECT ADDED ENTRY--UNIFORM TITLE | |
| Uniform title | Talmud. |
| Name of part/section of a work | Bava meẓia |
| General subdivision | Commentaries. |
| 740 0# - ADDED ENTRY--UNCONTROLLED RELATED/ANALYTICAL TITLE | |
| Uncontrolled related/analytical title | Darkhe David. |
No items available.